Bioluminescene: (Record no. 198212)

MARC details
000 -LEADER
fixed length control field 00539nam a22001817a 4500
005 - DATE AND TIME OF LATEST TRANSACTION
control field 20240102111529.0
010 ## - LCCN (DPL NO)
LC control number ENG-138016
020 ## - INTERNATIONAL STANDARD BOOK NUMBER
Terms of availability 1850.00
035 ## - SYSTEM CONTROL NUMBER
System control number EN-121548
037 ## - SOURCE OF ACQUISITION
Source of stock number/acquisition DBAD/PUB
082 ## - DEWEY DECIMAL CLASSIFICATION NUMBER
Classification number 578.09541
245 ## - TITLE STATEMENT
Title Bioluminescene:
Remainder of title Annual Biological communication/
Statement of responsibility, etc Edited by Hemen Chandra Majumdar
260 ## - PUBLICATION, DISTRIBUTION, ETC. (IMPRINT)
Place of publication, distribution, etc Assam
Name of publisher, distributor, etc EBH Publishers
Date of publication, distribution, etc 2021
270 ## - ADDRESS
Address 136, M.L. Nehru Road, Panbazar
City Guwahati
Postal code 781001
300 ## - PHYSICAL DESCRIPTION
Extent 379P
Dimensions 25cm(pbk)
490 ## - SERIES STATEMENT
Volume number/sequential designation Volume 1
942 ## - ADDED ENTRY ELEMENTS (KOHA)
Source of classification or shelving scheme Dewey Decimal Classification
Item type English Books
Classification part 510.934
Call number suffix NEW
Holdings
Withdrawn status Lost status Materials specified (bound volume or other part) Not for loan Collection code Home library Current library Date acquired Source of acquisition Cost, normal purchase price Full call number Barcode Copy number Cost, replacement price Koha item type
    Volume 1 Not For Loan Non-fiction Ashok Vihar Ashok Vihar 15/09/2023 DBAD/PUB 1850.00 510.934 NEW EN-121548 1 1850.00 English Books

© Delhi Public Library
Hit Counter
free hit counter